Paesi più Vicini alla Corea del Nord - Statistics

Statistiche generali
  • Questo quiz è stato fatto 6.377 volte
  • Il punteggio medio è 16 su 20
Statistiche sulle risposte
km paese % Corretto
0 Corea del Sud
100%
0 Cina
99%
418 Giappone
98%
0 Russia
98%
768 Mongolia
92%
2849 India
90%
2440 Vietnam
88%
2766 Laos
84%
1439 Taiwan
84%
1941 Filippine
83%
3014 Thailandia
83%
3203 Cambogia
80%
2731 Birmania
75%
3135 Stati Uniti
74%
3357 Bangladesh
71%
3492 Malesia
71%
3357 Bhutan
70%
3092 Kazakistan
63%
3355 Stati Federati di Micronesia
41%
3425 Palau
37%
Nessun quiz corrispondente trovato
Distribuzione punteggi
Percentuale di utenti per punteggio
Percentile per numero di risposta
I tuoi punteggi nel tempo
Non hai fatto questo quiz